1915 1585 1509 1328 1813 1902 1482 1349 1906 1083 1575 1945 1003 1998 1714 1508 1028 1321 1497 1864 1702 1157 1829 1840 1254 1787 1893 1857 1040 1641 1004 1382 1241 1571 1353 1047 1199 1239 1712 1763 1002 1795 1280 1792 1506 1074 1581 1544 1160 1560 1549 1569 1814 1776 1888 1491 1088 1785 1937 1689 1008 1953 1221 1412 1612 1895 1581 1909 1272 1919 1223 1049 1695 1680 1410 1074 1132 1008 1524 1735 1393 1295 1094 1368 1888 1527 1697 1422 1411 1023 1470 1240 1124 1957 1671 1783 1321 1037 1282 BCNSPRNW ULIB Ver.6.0+V

เปลี่ยนเป็นภาษาไทย

Change to English
 แสดงรายละเอียดบรรณานุกรม
  กลับหน้าหลัก

Brief Record : Get Marc (ISO 2709) : E-mail record : QR code < ปิดหน้าต่าง
LEADER : 00000nam 2200000uu 4500
001    13399113117
003     ULIB
008    110927s2548||||th 000 0 tha d
020    974922454X (2544)
050  4 Q180.55^bก525ก 2544
245 00 การสำรวจค่าใช้จ่ายและบุคลากรทางการวิจัยและพัฒนาของประเทศไทยปี ... =^bNational survey on R&D expenditure and personnel of Thailand /^cกองนโยบายและวางแผนการวิจัย สำนักงานคณะกรรมการวิจัยแห่งชาติ กระทรวงวิทยาศาสตร์ เทคโนโลยีและสิ่งแวดล้อม
246 31 National survey on R&D expenditure and personnel ofThailand
260    [กรุงเทพฯ] :^bโรงพิมพ์ชุมนุมสหกรณ์การเกษตรแห่งประเทศไทย,^c[2543?]-<2548>
300     เล่ม ;^c29 ซม. +^eซีดีรอม 1 แผ่น
500    ปีที่พิมพ์ในเลขเรียกหนังสือเป็นปีที่ปรากฏบนหน้าปกใน
500    ข้อมูลส่วนใหญ่เป็นตาราง
591    LIAD มีปี 2542
591    LICL มีปี 2539, 2542
591    LIMT มีปี 2544
591    LINU มีปี 2542
591    LIPY มีปี 2542, 2544, 2548
591    LIRS มีปี 2542
591    LISI มีปี 2542, 2544
591    LIPT มีปี 2552
650  4 นักวิจัย^zไทย^xค่าใช้จ่าย^vการสำรวจ
650  4 นักวิจัย^zไทย^xค่าใช้จ่าย^vสถิติ
710 2  สำนักงานคณะกรรมการวิจัยแห่งชาติ.^bกองนโยบายและวางแผนการวิจัย
740 02 2001 National survey on R&D expenditure and personnel ofThailand
945    ^p0^l0^i016166
995    ทศพร
999 ^a ทศพร
รายการนี้ยังไม่มีแท็ก
คุณยังไม่ได้ล็อกอิน คุณสามารถมีกิจกรรมร่วมกับเว็บไซต์ได้ แต่ต้องล็อกอินก่อน ::
  ล็อกอิน

รายการสื่อสารสนเทศ

ลำดับที่ ประเภท เลขเรียก/บาร์โค้ด สถานที่ สถานะ
1. วิทยาศาสตร์การแพทย์ และสุขภาพ
วิทยาศาสตร์การแพทย์ และสุขภาพ
Q180.55 ก525ก 2544 ฉ.1 
  Barcode: 016166
ห้องสมุดวิทยาเขตสวรรค์ประชารักษ์
►ส่วนจัดเก็บหนังสือเก่า สปร
บนชั้น
  ขอยืม

BibComment


ยังไม่เคยถูกคอมเมนท์

คอมเมนท์ทรัพยากรรายการนี้
  คอมเมนท์: การสำรวจค่าใช้จ่า..


 Copyright 2026. Bcnsprnw @Library